• 首页
  • 本馆介绍
  • 公告通知
  • 最新文献
  • 馆藏检索
  • 电子资源
  • 读者导购
  • 参考咨询
  • 我的图书馆
  • 登录
  • 详细信息显示
  • 放入我的书架
  • 预约/预借图书
  • 作者相关作品
  • 分类相关作品
  • 丛书相关作品
  • 出版社相关作品

书目信息

  • 表格格式
  • 工作单格式
  • 卡片格式
题名:
黑格尔辩证法讲演录
    
 
作者: 邓晓芒 著
分册:  
出版信息: 北京   北京大学出版社  2005
页数: 295页
开本: 21cm
丛书名: 未名·中青年学者文库
单 册:
中图分类: B516.35
科图分类:
主题词:
电子资源:
ISBN: 7-301-09722-0
000 01202oam2 2200289 450
001 012007045911
005 20070522142414.18
010    @a7-301-09722-0@dCNY35.00
100    @a20070515d2005 km y0chiy0120 ea
101 0  @achi
102    @aCN@b110000
105    @ay z 000yy
106    @ar
200 1  @a黑格尔辩证法讲演录@Ahei ge er bian zheng fa jiang yan lu@f邓晓芒著@Fdeng xiao mang zhu
205    @a第1版
210    @a北京@c北京大学出版社@d2005
215    @a295页@d21cm
225 2  @a未名·中青年学者文库
330    @a本书是一本哲学通俗读物,作者从黑格尔哲学的开端入手,逐一剖析黑格尔辩证法的两大起源、灵魂和形成以及黑格尔哲学最大最重要的特点,即黑格尔辩证法的“三统一”。作者不是就黑格尔谈黑格尔,而是从黑格尔到马克思,从黑格尔到中西哲学、中西文化比较,引领读者深入理解黑格尔思想的真实内涵和黑格尔辩证法的精髓。
461  0 @12001 @a未名·中青年学者文库
510 1  @aLectures on hegel's dialectic@zeng
600  1 @a黑格尔@c(Hegel,GeorgWehelm Friedrich@f1770~1831)@x辩证法@x研究
600  1 @a黑格尔@c(Hegel,GeorgWehelm Friedrich@f1770~1831)
690    @aB516.35@v4
701  0 @a邓晓芒@Adeng xiao mang@f(1948~)@4著
801  0 @aCN@bRULIN@c20070522
905    @dB516.35@e126@s8
    
    黑格尔辩证法讲演录/邓晓芒著.-第1版.-北京:北京大学出版社,2005
    295页;21cm.-(未名·中青年学者文库)
    
    
    ISBN 7-301-09722-0:CNY35.00
    本书是一本哲学通俗读物,作者从黑格尔哲学的开端入手,逐一剖析黑格尔辩证法的两大起源、灵魂和形成以及黑格尔哲学最大最重要的特点,即黑格尔辩证法的“三统一”。作者不是就黑格尔谈黑格尔,而是从黑格尔到马克思,从黑格尔到中西哲学、中西文化比较,引领读者深入理解黑格尔思想的真实内涵和黑格尔辩证法的精髓。
●
相关链接 在E读中查询图书 在五车中查询图书 在当当中查询图书 在豆瓣中查询图书


正题名:黑格尔辩证法讲演录     索取号:B516.35/126         预约/预借

序号 登录号 条形码 馆藏地/架位号 状态 备注
1 0575767   205757670   第一样本阅览室/ [索取号:B516.35/126] 在馆    
2 0575768   205757689   教育系资料室/ [索取号:B516.35/126] 在馆    
3 0575769   205757698   第一借阅区/ [索取号:B516.35/126] 在馆    
4 0575770   205757705   第一借阅区/ [索取号:B516.35/126] 在馆    
5 0575771   205757714   教育系资料室/ [索取号:B516.35/126] 在馆    
6 0575772   205757723   教育系资料室/ [索取号:B516.35/126] 在馆    
7 0575773   205757732   第一借阅区/ [索取号:B516.35/126] 在馆    
8 0575774   205757741   第一借阅区/ [索取号:B516.35/126] 在馆    
唐山师范学院图书馆 欢迎您!
大连网信软件有限公司© 版权所有